01192cam a22003257a 4500999001700000001000900017005001700026008004100043010001700084020002300101020002600124035002300150035002000173040002500193042001400218050003800232100002000270245007200290246003800362250001600400260006200416300003900478504006500517650002400582650002500606700002200631906004500653942003800698952013000736 c28607d286071476286520170309154729.0070308s2007 at a b 001 0 eng d a 2006908239 a0324074778 (pbk. ) a9780324074772 (pbk. ) a(OCoLC)ocm77645445 a(OCoLC)77645445 aCNUcCNUdYDXCPdDLC alccopycat00aHF5415.1265.H358 2007b.H358 20071 aHanson, Ward A.10aInternet marketing & e-commerce /cWard A. Hanson, Kirthi Kalyanam.3 aInternet marketing and e-commerce aStudent ed. aAustralia ;aMason, OH :bThomson/South-Western,cc2007. axiii, 642 p. :bcol. ill ;c25 cm. aIncludes bibliographical references (p. [605]-622) and index 0aInternet marketing. 0aElectronic commerce.1 aKalyanam, Kirthi. a7bcbcccopycatd3encipf20gy-gencatlg 2lcccBOOKShHF5415.1265.H358 2007 00102lcc4070aMUCbMUCcTECHd2017-03-09eDonation (B.F.A)l0oHF5415.1265.H358 2007p34781r2018-07-12w2017-03-09yBOOKS